00676nam a2200169Ia 4500008004100000100001700041245016800058245005100226260005900277260000900336300001000345650001800355650001500373856002600388999001900414952007300433170221s9999 xx 000 0 und d aJae Hee Park 4aThe Power of Political Boycott in Online Communities and Blogs:Exploring Online Political Debaters on the Korean Government’s Beef Trade Policies with the U.S.  cJae Hee Park, Daniel M. Haygood, Hyun Jung Yun bOnline Journal of Communication and Media Technologies c2014 a4 : 2 xCommunication xMedia Arts uhttp://www.ojcmt.net/ c307199d307199 001040aCLbCLd2017-02-21l0r2017-02-21 00:00:00w2017-02-21yFOJ